[Event "Rilton Cup 51st"]
[Site "Stockholm"]
[Date "2024.01.03"]
[Round "7"]
[White "Hristodoulaki, Antonia"]
[Black "Dingertz, Erik"]
[Result "0-1"]
[WhiteElo "2068"]
[BlackElo "2155"]
[PlyCount "148"]
[EventDate "2023.12.27"]
[EventType "swiss"]
[EventRounds "9"]
[EventCountry "SWE"]
[SourceTitle "CB02_2024"]
[SourceDate "2024.01.10"]
[SourceVersion "1"]
[SourceVersionDate "2024.01.10"]
[SourceQuality "1"]

1. e4 e5 2. Nf3 Nc6 3. Nc3 Nf6 4. d4 exd4 5. Nxd4 Bb4 6. Nxc6 bxc6 7. Bd3 d5 8. Bd2 0-0 9. 0-0 Bg4 10. Qc1 Re8 11. Re1 Rb8 12. exd5 cxd5 13. Rxe8+ Qxe8 14. Bg5 Bxc3 15. bxc3 Qe5 16. Qe3 Qxe3 17. Bxe3 a5 18. c4 Bh5 19. f4 Bg6 20. c5 Bxd3 21. cxd3 Ng4 22. Bd2 Rb5 23. h3 Nf6 24. Rc1 a4 25. Rc2 c6 26. Be3 Nd7 27. Kf2 f5 28. Ke2 Nf8 29. Kd2 Ne6 30. d4 Rb1 31. Rc1 Rxc1 32. Kxc1 Nc7 33. Kd2 Nb5 34. Kd3 Kf7 35. Bd2 h6 36. g3 Kf6 37. Be3 Ke6 38. Bd2 Kd7 39. Be3 Kc7 40. Bd2 g6 41. g4 fxg4 42. hxg4 Kd7 43. f5 gxf5 44. gxf5 h5 45. Bg5 Ke8 46. Bh4 Kf7 47. Bg5 Nc7 48. Ke3 Na6 49. Kd2 Nb4 50. a3 Na6 51. Kc3 Nc7 52. Kb4 Nb5 53. Kxa4 Nxd4 54. Kb4 Nxf5 55. a4 Ke6 56. a5 Kd7 57. a6 Kc8 58. Bf4 Nd4 59. Ka5 Nb5 60. Kb6 Kd7 61. a7 Nxa7 62. Kxa7 d4 63. Kb6 h4 64. Ka5 Ke6 65. Kb4 Kd5 66. Bh2 h3 67. Bg1 Ke4 68. Kc4 Kf3 69. Bh2 Ke3 70. Bg1+ Ke4 71. Bh2 d3 72. Bg1 Kf3 73. Kxd3 Kg2 74. Kd4 h2 0-1

[Event "SWE-ch U20"]
[Site "Helsingborg"]
[Date "2023.07.07"]
[Round "7"]
[White "Joensson, Oscar"]
[Black "Dingertz, Erik"]
[Result "1-0"]
[WhiteElo "2077"]
[BlackElo "2090"]
[PlyCount "93"]
[EventDate "2023.07.01"]
[EventType "tourn"]
[EventRounds "9"]
[EventCountry "SWE"]
[SourceTitle "CBM 215 Extra"]
[Source "ChessBase"]
[SourceDate "2023.09.30"]
[SourceVersion "1"]
[SourceVersionDate "2023.09.30"]
[SourceQuality "1"]

1. d4 Nf6 2. c4 e6 3. g3 d5 4. Bg2 Be7 5. Nf3 0-0 6. 0-0 dxc4 7. Qc2 a6 8. a4 Bd7 9. Qxc4 Bc6 10. Bf4 Bd6 11. Bg5 h6 12. Bxf6 Qxf6 13. Nc3 Bxf3 14. Bxf3 c6 15. Ne4 Qe7 16. Nxd6 Qxd6 17. a5 Nd7 18. Rfd1 Nf6 19. e4 e5 20. Ra3 Rfe8 21. Rad3 Rac8 22. Bg2 exd4 23. Rxd4 Qe5 24. Bh3 Rc7 25. b4 c5 26. Rd8 Rce7 27. bxc5 Qxe4 28. Rxe8+ Rxe8 29. Qb3 Qe2 30. Bf1 Qh5 31. Rc1 Re7 32. Bg2 Nd7 33. Qxb7 Qg5 34. f4 Qf6 35. c6 Qd4+ 36. Kh1 Qe3 37. Rf1 Nc5 38. Qb8+ Re8 39. c7 Qe6 40. f5 Qd7 41. Rb1 Kh7 42. Qb6 Qxf5 43. Rf1 Qe5 44. Rc1 Qf5 45. Qxc5 Re1+ 46. Qg1 Rxg1+ 47. Kxg1 1-0

[Event "SWE-ch U20"]
[Site "Helsingborg"]
[Date "2023.07.01"]
[Round "1"]
[White "Dingertz, Erik"]
[Black "Lindholm, Gustav"]
[Result "1/2-1/2"]
[WhiteElo "2090"]
[BlackElo "2155"]
[PlyCount "95"]
[EventDate "2023.07.01"]
[EventType "tourn"]
[EventRounds "9"]
[EventCountry "SWE"]
[SourceTitle "CBM 215 Extra"]
[Source "ChessBase"]
[SourceDate "2023.09.30"]
[SourceVersion "1"]
[SourceVersionDate "2023.09.30"]
[SourceQuality "1"]

1. c4 c6 2. e4 d5 3. exd5 cxd5 4. d4 Nf6 5. Nc3 Nc6 6. Bg5 dxc4 7. Bxc4 e6 8. Nf3 Be7 9. 0-0 0-0 10. Re1 Nd5 11. Bxe7 Ncxe7 12. a3 b6 13. Bd3 Nf6 14. Ne4 Ned5 15. Ne5 Bb7 16. Qf3 Qe7 17. Rac1 Rac8 18. Ng5 Rxc1 19. Rxc1 Nb4 20. Qg3 Nxd3 21. Nxd3 Nd5 22. Ne4 Rd8 23. Ne5 Nf6 24. Ng5 Ne4 25. Nxe4 Bxe4 26. Qf4 Ba8 27. f3 f6 28. Ng4 Bb7 29. h4 Rc8 30. h5 Rxc1+ 31. Qxc1 Qd6 32. h6 Qxd4+ 33. Kh1 f5 34. Qc7 fxg4 35. Qb8+ Kf7 36. Qxb7+ Kg6 37. hxg7 Qxg7 38. Qe4+ Kf7 39. fxg4 Qh6+ 40. Kg1 Qc1+ 41. Kh2 Qh6+ 42. Kg3 Qg7 43. b4 Kf6 44. Qf4+ Kg6 45. Qe4+ Kf6 46. Qd4+ Kg6 47. Qd3+ Kf6 48. Qd4+ 1/2-1/2

[Event "Vaxjo op"]
[Site "Vaxjo"]
[Date "2023.02.10"]
[Round "2"]
[White "Dingertz, Erik"]
[Black "Kucuksari, Kaan"]
[Result "0-1"]
[WhiteElo "2017"]
[BlackElo "2507"]
[PlyCount "72"]
[EventDate "2023.02.10"]
[EventType "swiss"]
[EventRounds "8"]
[EventCountry "SWE"]
[SourceTitle "CBM 212 Extra"]
[Source "ChessBase"]
[SourceDate "2023.03.31"]
[SourceVersion "1"]
[SourceVersionDate "2023.03.31"]
[SourceQuality "1"]

1. c4 c5 2. g3 Nc6 3. Bg2 g6 4. Nc3 Bg7 5. a3 a5 6. e3 e5 7. Nge2 Nge7 8. 0-0 0-0 9. b3 f5 10. Bb2 d6 11. Nb5 Be6 12. d4 cxd4 13. exd4 e4 14. Qd2 Bf7 15. f3 exf3 16. Bxf3 a4 17. d5 Ne5 18. Ned4 axb3 19. Qb4 Nd3 20. Qxb3 Nxb2 21. Qxb2 f4 22. Bg4 fxg3 23. hxg3 Nf5 24. Bxf5 gxf5 25. Rxf5 Bg6 26. Rxf8+ Qxf8 27. Rf1 Qe7 28. Qd2 Rc8 29. Re1 Qd7 30. Re6 Rxc4 31. Rxd6 Rxd4 32. Qg5 Qxb5 33. Rd8+ Be8 34. Qe7 Rd1+ 35. Kf2 Qf1+ 36. Ke3 Re1+ 0-1

[Event "SWE-chT 1920 Superettan"]
[Site "Sweden"]
[Date "2020.10.18"]
[Round "9"]
[White "Dingertz, Erik"]
[Black "Nowen, Linus"]
[Result "0-1"]
[WhiteElo "1947"]
[BlackElo "1568"]
[PlyCount "72"]
[EventDate "2019.10.18"]
[EventType "team-tourn"]
[EventRounds "9"]
[EventCountry "SWE"]
[SourceTitle "EXT 2023"]
[Source "ChessBase"]
[SourceDate "2022.10.05"]
[SourceVersion "1"]
[SourceVersionDate "2022.10.05"]
[SourceQuality "1"]
[WhiteTeam "Kristallen"]
[BlackTeam "Pelaro Alingsas"]
[WhiteTeamCountry "SWE"]
[BlackTeamCountry "SWE"]

1. c4 d6 2. Nc3 g6 3. g3 Bg7 4. Bg2 c5 5. e3 Nc6 6. Nge2 Nf6 7. d4 cxd4 8. Nxd4 Bd7 9. 0-0 0-0 10. b3 Rc8 11. Bb2 Qa5 12. Qe2 Rfd8 13. Rfd1 a6 14. Rac1 Bg4 15. f3 Bd7 16. Kh1 b5 17. cxb5 Nxd4 18. exd4 axb5 19. Qe3 Be6 20. Ne4 Nd5 21. Qg5 Qxa2 22. Qd2 Qxb3 23. Rxc8 Rxc8 24. Rc1 Rxc1+ 25. Qxc1 Nb4 26. Nf2 Nd3 27. Nxd3 Qxd3 28. Qf1 Qb3 29. Qa1 Bd5 30. f4 Bxg2+ 31. Kxg2 Qc2+ 32. Kh3 Qf5+ 33. Kg2 Qe4+ 34. Kh3 h5 35. Bc3 Bf6 36. Qa7 Qf5+ 0-1

[Event "Vaxjo op"]
[Site "Vaxjo"]
[Date "2020.02.08"]
[Round "5"]
[White "Dingertz, Erik"]
[Black "Bellon Lopez, Juan Manuel"]
[Result "0-1"]
[WhiteElo "2063"]
[BlackElo "2351"]
[PlyCount "54"]
[EventDate "2020.02.07"]
[EventType "swiss"]
[EventRounds "8"]
[EventCountry "SWE"]
[SourceTitle "CBM 194 Extra"]
[Source "ChessBase"]
[SourceDate "2020.03.31"]
[SourceVersion "1"]
[SourceVersionDate "2020.03.31"]
[SourceQuality "1"]

1. Nf3 a6 2. g3 e6 3. Bg2 Nf6 4. c4 b5 5. d4 Bb7 6. Qb3 b4 7. a3 Nc6 8. axb4 Nxd4 9. Nxd4 Bxg2 10. Rg1 Bb7 11. Nc3 Be7 12. b5 0-0 13. Bf4 axb5 14. Rxa8 Qxa8 15. Ndxb5 Rc8 16. Nxc7 Qa1+ 17. Kd2 Qxg1 18. Qxb7 Rd8 19. Qb6 d5 20. cxd5 exd5 21. Be3 Ne4+ 22. Kc2 Nxc3 23. bxc3 Qa1 24. Qb5 Bf6 25. Bd2 Qa7 26. Bf4 g5 27. Ne8 Qa2+ 0-1

[Event "Hasselbacken op"]
[Site "Stockholm"]
[Date "2019.11.01"]
[Round "1"]
[White "Dingertz, Erik"]
[Black "Pantzar, Milton"]
[Result "0-1"]
[WhiteElo "1892"]
[BlackElo "2406"]
[PlyCount "52"]
[EventDate "2019.11.01"]
[EventType "swiss"]
[EventRounds "8"]
[EventCountry "SWE"]
[SourceTitle "CBM 192 Extra"]
[Source "Chessbase"]
[SourceDate "2019.11.06"]
[SourceVersion "1"]
[SourceVersionDate "2019.11.06"]
[SourceQuality "1"]

1. Nf3 d5 2. c4 e6 3. g3 c6 4. Bg2 b5 5. cxb5 cxb5 6. Nc3 b4 7. Nb5 a6 8. Nbd4 Nf6 9. 0-0 Bd6 10. Qc2 0-0 11. a3 e5 12. Nb3 bxa3 13. bxa3 Bd7 14. Bb2 Qe7 15. d4 e4 16. Ne5 Rc8 17. Qd2 Nc6 18. Nxd7 Nxd7 19. Rfc1 Nb6 20. Nc5 f5 21. e3 Nc4 22. Qc3 Rab8 23. Rab1 N6a5 24. Nxa6 Rb3 25. Qe1 Qb7 26. Rxc4 Nxc4 0-1

[Event "Uppsala Young Champions"]
[Site "Uppsala"]
[Date "2019.10.28"]
[Round "6"]
[White "Palozza, Christian"]
[Black "Dingertz, Erik"]
[Result "1-0"]
[WhiteElo "2187"]
[BlackElo "1908"]
[PlyCount "57"]
[EventDate "2019.10.25"]
[EventType "swiss"]
[EventRounds "9"]
[EventCountry "SWE"]
[SourceTitle "CBM 192 Extra"]
[Source "Chessbase"]
[SourceDate "2019.11.06"]
[SourceVersion "1"]
[SourceVersionDate "2019.11.06"]
[SourceQuality "1"]

1. d4 Nf6 2. c4 e6 3. Nf3 d5 4. g3 Be7 5. Bg2 0-0 6. 0-0 Nbd7 7. Qc2 b6 8. cxd5 Nxd5 9. a3 Bb7 10. e4 N5f6 11. Nc3 c5 12. Rd1 Rc8 13. d5 exd5 14. e5 Ne8 15. Nxd5 Bxd5 16. Rxd5 Nc7 17. Rd1 Ne6 18. Qa4 Rc7 19. Bf1 Qc8 20. Ba6 Qa8 21. Rxd7 Qxf3 22. Be3 Rxd7 23. Qxd7 Bg5 24. Qd1 Qe4 25. Qd3 Qxd3 26. Bxd3 Bxe3 27. fxe3 Rd8 28. Rd1 Rd5 29. Bxh7+ 1-0

[Event "Uppsala Young Champions"]
[Site "Uppsala"]
[Date "2019.10.26"]
[Round "3"]
[White "Dingertz, Erik"]
[Black "Trost, Edvin"]
[Result "0-1"]
[WhiteElo "1908"]
[BlackElo "1982"]
[PlyCount "86"]
[EventDate "2019.10.25"]
[EventType "swiss"]
[EventRounds "9"]
[EventCountry "SWE"]
[SourceTitle "CBM 192 Extra"]
[Source "Chessbase"]
[SourceDate "2019.11.06"]
[SourceVersion "1"]
[SourceVersionDate "2019.11.06"]
[SourceQuality "1"]

1. Nf3 Nf6 2. c4 b6 3. g3 Bb7 4. Bg2 e6 5. 0-0 Be7 6. Nc3 0-0 7. b3 d5 8. Bb2 d4 9. Nb5 c5 10. e3 a6 11. Na3 dxe3 12. dxe3 Qc7 13. Qe2 Nc6 14. Nb1 Rfd8 15. Nc3 Rab8 16. Rad1 Ba8 17. Rxd8+ Rxd8 18. Rd1 Kf8 19. a3 Qb8 20. Rxd8+ Qxd8 21. Qd2 Qb8 22. e4 e5 23. Qe2 Nd4 24. Nxd4 cxd4 25. Nd5 b5 26. b4 Bc6 27. f4 bxc4 28. Qxc4 Bb5 29. Qc7 Qxc7 30. Nxc7 exf4 31. Nxb5 axb5 32. gxf4 d3 33. Bc1 Bd8 34. e5 Bb6+ 35. Kf1 Ng4 36. Bc6 Ne3+ 37. Ke1 Nc2+ 38. Kd1 Nd4 39. Be3 Nxc6 40. Bxb6 g5 41. Bc5+ Ke8 42. Bd6 gxf4 43. Kd2 Kd7 0-1

[Event "Nordic-ch"]
[Site "Sarpsborg"]
[Date "2019.06.22"]
[Round "3"]
[White "Dingertz, Erik"]
[Black "Holm, Kristian Stuvik"]
[Result "0-1"]
[WhiteElo "1969"]
[BlackElo "2474"]
[PlyCount "58"]
[EventDate "2019.06.21"]
[EventType "swiss"]
[EventRounds "9"]
[EventCountry "NOR"]
[SourceTitle "CBM 191 Extra"]
[Source "ChessBase"]
[SourceDate "2019.09.30"]
[SourceVersion "1"]
[SourceVersionDate "2019.09.30"]
[SourceQuality "1"]

1. c4 f5 2. g3 Nf6 3. Bg2 g6 4. Nc3 Bg7 5. d3 0-0 6. Rb1 e5 7. b4 Nh5 8. Bd2 d6 9. Nf3 Nc6 10. b5 Ne7 11. Qb3 h6 12. 0-0 Be6 13. Ne1 Rb8 14. Nc2 f4 15. Qa3 Qd7 16. Qxa7 Bh3 17. c5 Bxg2 18. Kxg2 Nf6 19. Qa4 Ra8 20. Qb3+ d5 21. Nb4 c6 22. a4 h5 23. b6 Bh6 24. Qa2 h4 25. Ne4 Nh5 26. Bc3 hxg3 27. fxg3 Nf5 28. Rf3 Kh7 29. Nd2 Ne3+ 0-1

[Event "Nordic-ch"]
[Site "Sarpsborg"]
[Date "2019.06.22"]
[Round "2"]
[White "Hanebuth, Katja"]
[Black "Dingertz, Erik"]
[Result "0-1"]
[WhiteElo "1463"]
[BlackElo "1969"]
[PlyCount "88"]
[EventDate "2019.06.21"]
[EventType "swiss"]
[EventRounds "9"]
[EventCountry "NOR"]
[SourceTitle "CBM 191 Extra"]
[Source "ChessBase"]
[SourceDate "2019.09.30"]
[SourceVersion "1"]
[SourceVersionDate "2019.09.30"]
[SourceQuality "1"]

1. d4 Nf6 2. Nf3 e6 3. e3 b6 4. g3 Bb7 5. Bg2 d5 6. b3 Nbd7 7. c4 Be7 8. 0-0 0-0 9. cxd5 exd5 10. Ba3 Bxa3 11. Nxa3 Qe7 12. Nc2 c5 13. Re1 Ne4 14. Qd3 Qf6 15. Rf1 a5 16. dxc5 bxc5 17. Qb5 Bc6 18. Qd3 Rab8 19. a4 Nc3 20. Nd2 Ne5 21. Qa6 Ra8 22. Qb6 Qd6 23. f4 Nd7 24. Nc4 Qe6 25. f5 Ne2+ 26. Kh1 Nxg3+ 27. Kg1 Ne2+ 28. Kh1 Qh6 29. Qc7 Rfc8 30. Qd6 dxc4 31. Qxh6 gxh6 32. bxc4 Bxg2+ 33. Kxg2 Ne5 34. Kf2 Nc3 35. Rg1+ Kf8 36. Ra3 Ne4+ 37. Ke2 Rd8 38. Na1 Rd2+ 39. Kf1 Rf2+ 40. Ke1 Nf3+ 41. Kd1 Rd8+ 42. Kc1 Nxg1 43. Rb3 Rdd2 44. f6 Rf1# 0-1